Speed Hauptstädte Südamerikas - Statistiken

Allgemein
  • Dieses Quiz wurde 137 mal gespielt
  • Das Durchschnittsergebnis liegt bei 9 aus 12
Antwortstatistiken
Land Antwort % Korrekt
Brasilien Brasilia
94%
Peru Lima
92%
Argentinien Buenos Aires
86%
Uruguay Montevideo
84%
Chile Santiago de Chile
80%
Ecuador Quito
76%
Kolumbien Bogota
72%
Venezuela Caracas
65%
Bolivien La Paz
61%
Paraguay Asuncion
58%
Suriname Paramaribo
42%
Guyana Georgetown
41%
Keine übereinstimmenden Quizze gefunden
Verteilung der Resultate
Anzahl Personen mit jedem Resultat
Perzentil nach korrekt beantworteten Fragen
Ihre Resultats-Entwicklung
Sie haben dieses Quiz noch nicht gespielt